zpět

Detail výsledku týmu

Kozlovna S-klub, Olomouc

Datum a čas kvízu

26.5 Celkem bodů Celkový počet nahraných bodů na tomto kvízu bez doplňovacích otázek.
11. Pořadí na kvízu Konečné umístění týmu na tomto kvízu.

Zaznamenané odpovědi

# Otázka Odpověď Body Výsledky
1. Obyvatelé Ostravy se po 21 let... (Moravskoslezská vědecká) knihovna 1
2. Ve vysílání maďarské státní te... Bratislavský hrad 0
3. Minulý týden získal jistý 62le... Tom Cruise 1
4. Který evropský poloostrov post... Pyrenejský (Iberský) 1
5. Česká rychlobruslařka Martina... Nikola Zdráhalová 0
6. Podíváme se na několik známých... Džoser 1
7. V Egyptě ještě chvíli zůstanem... Hatšepsut (Hatšepsovet) 1
8. Kdo je pohřben pod tímto náhro... Josef Skupa 0
9. Ve které evropské metropoli se... v Paříži 0
10. V poslední otázce tématu se po... Kolja 1